Normal view
MARC view
- Mosques
Entry Topical Term
001 - CONTROL NUMBER
- control field: 119641
003 - CONTROL NUMBER IDENTIFIER
- control field: TR-AnTOB
005 - DATE AND TIME OF LATEST TRANSACTION
- control field: 20180731085359.0
008 - FIXED-LENGTH DATA ELEMENTS
- fixed length control field: 180409n|eacannbab| |a aaa
040 ## - CATALOGING SOURCE
- Original cataloging agency: TR-AnTOB
150 #4 - HEADING--TOPICAL TERM
- Topical term or geographic name entry element: Mosques
- Geographic subdivision: Turkey
- Geographic subdivision: Kastamonu
450 ## - SEE FROM TRACING--TOPICAL TERM
- Topical term or geographic name entry element: Cami
- Geographic subdivision: Türkiye
- Geographic subdivision: Kastamonu
672 ## - TITLE RELATED TO THE ENTITY
- Bibliographic record control number: 200429394
750 ## - ESTABLISHED HEADING LINKING ENTRY--TOPICAL TERM
- Authority record control number or standard number: (TR-AnTOB) 119642
- Source of heading or term: etuturkob
- Topical term or geographic name entry element: Cami
- Geographic subdivision: Türkiye
- Geographic subdivision: Kastamonu



